Logo BPK

Biblioteka

Politechniki Koszalińskiej

Looking language classroom : (Rekord nr 48143)

Szczegóły MARC
000 -ETYKIETA REKORDU
podpole kontrolne o stałej długości 00983nam a2200265 i 4500
001 - NUMER KONTROLNY REKORDU
pole kontrolne bgj
020 ## - MIĘDZYNARODOWY ZNORMALIZOWANY NUMER KSIĄŻKI - ISBN
ISBN 0521485215 (box)
040 ## - ŹRÓDŁO KATALOGOWANIA
Instytucja, która utworzyła rekord BPK
041 0# - KOD JĘZYKA
Kod języka tekstu eng
920 ## - Międzynarodowy znormalizowany numer książki – ISBN
ISBN 0-521-48521-5 (box)
008 - POLE O STAŁEJ DŁUGOŚCI - DANE KONTROLNE
podpole kontrolne o stałej długości s uk f |000 0 eng
100 1# - NAZWA OSOBOWA
Nazwa osobowa LUBELSKA, Diana
245 10 - TYTUŁ/ODPOWIEDZIALNOŚĆ
Tytuł Looking language classroom :
Ciąg dalszy tytułu trainer's guide /
Pozostałe elementy strefy tytułu i oznaczenia odpowiedzialności Diana Lubelska and Margaret Matthews.
260 ## - STREFA ADRESU WYDAWNICZEGO
Miejsce wydania Cambridge :
Nazwa wydawcy/dystrybutora Cambridge University Press,
Data publikacji, dystrybucji/powstania dokumentu 1997.
300 ## - STREFA OPISU FIZYCZNEGO
Objętość VI, 154 pp ;
Rozmiary 30 cm +
Dokument towarzyszący 4 cass. video.
490 1# - STREFA SERII I DOKUMENTU WIELOCZĘŚCIOWEGO - FORMA NIE DO WYSZUKIWANIA
Tytuł i oznaczenie odpowiedzialności serii Cambridge Teacher Training and Development / Marion Williams and Tony Wright, series ed.
504 ## - UWAGA DOTYCZĄCA BIBLIOGRAFII
Informacje o bibliografii Biblography p. 154.
505 ## - SFORMALIZOWANA UWAGA DOTYCZĄCA ZAWARTOŚCI
Pełny tekst uwagi Includes transcripts.
650 #9 - HASŁO PRZEDMIOTOWE W FORMIE NAZWY OGÓLNEJ LUB JEDNOSTKOWEJ
Nazwa ogólna lub geograficzna English language
Określnik ogólny Study and teaching
650 #9 - HASŁO PRZEDMIOTOWE W FORMIE NAZWY OGÓLNEJ LUB JEDNOSTKOWEJ
Nazwa ogólna lub geograficzna Language teachers
Określnik ogólny Training of
700 1# - HASŁO DODATKOWE - NAZWA OSOBOWA
Nazwa osobowa WILLIAMS, Marion.
Określenie związku między hasłem a opisywanym materiałem series editor
700 1# - HASŁO DODATKOWE - NAZWA OSOBOWA
Nazwa osobowa WRIGHT, Tony.
Określenie związku między hasłem a opisywanym materiałem series editor
830 #0 - HASŁO DODATKOWE SERII LUB DOKUMENTU WIELOCZĘŚCIOWEGO - TYTUŁ UJEDNOLICONY
Tytuł ujednolicony Cambridge Teacher Training and Development (Marion Williams and Tony Wright, series ed.)
942 ## - DODATKOWE ELEMENTY (KOHA)
Typ dokumentu Książka
Egzemplarze
Wycofany Status egzemplarza Uszkodzony Dostępność Lokalizacja stała Lokalizacja bieżąca Miejsce przechowywania Sygnatura Kod kreskowy Typ dokumentu
      Tylko na miejscu Biblioteka Politechniki Koszalińskiej Biblioteka Politechniki Koszalińskiej Czytelnia Wydziałowa ul. Kwiatkowskiego 6e KA 5294 09042117 Książka
© 2023 Biblioteka Politechniki Koszalińskiej :: KOHA